| 000 | 00850nmc a2200325 a 4500 | ||
|---|---|---|---|
| 003 | AR-BaBNM | ||
| 005 | 20251128204754.0 | ||
| 008 | 011101s1991 ||||||||||||||000 | spa|| | ||
| 020 | _a84-7639-132-3 | ||
| 040 | _cAR-BaBNM | ||
| 100 | 1 | _aPoca, Anna | |
| 245 | 1 | 0 |
_aLa escritura _bteoría y técnica de la transmisión |
| 250 | _a1ª ed. | ||
| 260 |
_aBarcelona _bMontesinos _c1991 |
||
| 300 |
_a121 p. _bil. |
||
| 490 | 0 |
_aBiblioteca de divulgación temática _vv. 56 |
|
| 504 | _aBibliografía: p. 120-121 | ||
| 650 | 4 | _aESCRITURA | |
| 650 | 4 | _aTECNICAS DE COMUNICACION | |
| 650 | 4 | _aPROCESO DE COMUNICACION | |
| 650 | 4 | _aSISTEMAS DE ESCRITURA | |
| 650 | 4 | _aHISTORIA | |
| 650 | 4 | _aEDUCACION | |
| 650 | 4 | _aCOMUNICACION | |
| 650 | 4 | _aENSENANZA | |
| 650 | 4 | _aLITERATURA | |
| 650 | 4 | _aFILOLOGIA | |
| 942 | _cBK | ||
| 998 | _cMARTIN | ||
| 999 |
_c8763 _d8763 |
||